Jessica and the sleepy flowers. (Record no. 111546)
[ view plain ]
| 000 -LEADER | |
|---|---|
| fixed length control field | 00331nam a2200121 a 4500 |
| 005 - DATE AND TIME OF LATEST TRANSACTION | |
| control field | 20140414131917.0 |
| 008 - FIXED-LENGTH DATA ELEMENTS--GENERAL INFORMATION | |
| fixed length control field | 101020s19uu xx 00 eng d |
| 050 ## - LIBRARY OF CONGRESS CALL NUMBER | |
| Classification number | ER |
| Item number | J49 1998 |
| 245 ## - TITLE STATEMENT | |
| Title | Jessica and the sleepy flowers. |
| 260 ## - PUBLICATION, DISTRIBUTION, ETC. (IMPRINT) | |
| Place of publication, distribution, etc | Totowa, NJ : |
| Name of publisher, distributor, etc | Grandreams, |
| Date of publication, distribution, etc | 1998. |
| 440 ## - SERIES STATEMENT/ADDED ENTRY--TITLE | |
| Title | An inspirational board book |
| Withdrawn status | Lost status | Damaged status | Home library | Current library | Shelving location | Date acquired | Total Checkouts | Full call number | Barcode | Date last seen | Price effective from | Koha item type |
|---|---|---|---|---|---|---|---|---|---|---|---|---|
| Munich Library | Munich Library | Easy Reading Section | 10/20/2010 | ER J49 1998 | M2320 | 04/14/2014 | 04/14/2014 | Books |